Soft Skills In Management (Record no. 96278)

MARC details
000 -LEADER
fixed length control field 00569nam a2200217Ia 4500
005 - DATE AND TIME OF LATEST TRANSACTION
control field 20251122105100.0
008 - FIXED-LENGTH DATA ELEMENTS--GENERAL INFORMATION
fixed length control field 230125s9999 xx 000 0 und d
020 ## - INTERNATIONAL STANDARD BOOK NUMBER
International Standard Book Number 97893502331215
041 ## - LANGUAGE CODE
Language code of text/sound track or separate title eng
082 ## - DEWEY DECIMAL CLASSIFICATION NUMBER
Classification number 158.1
Item number RAN
100 ## - MAIN ENTRY--PERSONAL NAME
Author Rangnekar S
245 ## - TITLE STATEMENT
Title Soft Skills In Management
250 ## - EDITION STATEMENT
Edition statement 1st Ed.
260 ## - PUBLICATION, DISTRIBUTION, ETC.
Date of publication, distribution, etc. 2012
Name of publisher, distributor, etc. Shroff publisher and distributors
Place of publication, distribution, etc. Mumbai
300 ## - PHYSICAL DESCRIPTION
Extent 130p
500 ## - GENERAL NOTE
Keywords Personality Development<br/>
650 ## - SUBJECT ADDED ENTRY--TOPICAL TERM
Topical term or geographic name entry element Soft skill;Personality Development
700 ## - ADDED ENTRY--PERSONAL NAME
Personal name Rangnekar S
942 ## - ADDED ENTRY ELEMENTS (KOHA)
Koha item type Books
906 ## - LOCAL DATA ELEMENT F, LDF (RLIN)
b 56
Holdings
Withdrawn status Lost status Damaged status Not for loan Home library Current library Date acquired Vendor Net Price Bill number Total Checkouts Full call number Barcode Date last seen Actual Price Bill Date Koha item type Original Barcode
        Smt. Hiraben Nanavati Institute of Management & Research for Women Smt. Hiraben Nanavati Institute of Management & Research for Women 06/02/2020 Forward Books 200.00 11188   158.1 RAN B19623 HIMR-BK-19623 25/01/2023 144.00 25/01/2023 Books B19623
        Smt. Hiraben Nanavati Institute of Management & Research for Women Smt. Hiraben Nanavati Institute of Management & Research for Women 06/02/2020 Forward Books 200.00 11188   158.1 RAN B19624 HIMR-BK-19624 25/01/2023 144.00 25/01/2023 Books B19624